宮城県の市町村(1960年) - Statistics

General Stats
  • This quiz has been taken 60 times
  • The average score is 56 of 75
Answer Stats
No. 市町村 備考 % Correct
1 仙台市 1989年政令指定
100%
5 気仙沼市
100%
7 名取市
100%
2 石巻市
97%
3 塩竈市
97%
54 登米郡 登米町 2005年消滅
97%
68 牡鹿郡 女川町
97%
4 古川市 2006年消滅
95%
6 白石市
95%
8 角田市
95%
18 名取郡 岩沼町 1971年昇格
95%
21 宮城郡 多賀城町 1971年昇格
95%
16 亘理郡 亘理町
92%
20 宮城郡 松島町
92%
28 黒川郡 富谷村 1963年昇格
92%
15 伊具郡 丸森町
89%
25 宮城郡 利府村 1967年昇格
89%
9 刈田郡 蔵王町
86%
17 亘理郡 山元町
86%
22 宮城郡 泉町 1971年昇格
86%
26 黒川郡 大和町
86%
45 栗原郡 栗駒町 2005年消滅
84%
10 刈田郡 七ヶ宿町
81%
11 柴田郡 大河原町
81%
12 柴田郡 柴田町
81%
14 柴田郡 川崎町
81%
29 黒川郡 大衡村
81%
38 玉造郡 鳴子町 2006年消滅
81%
39 遠田郡 涌谷町
81%
41 遠田郡 小牛田町 2006年消滅
81%
69 牡鹿郡 牡鹿町 2005年消滅
81%
23 宮城郡 七ヶ浜町
78%
13 柴田郡 村田町
76%
19 名取郡 秋保村 1967年昇格
76%
73 本吉郡 本吉町 2009年消滅
76%
24 宮城郡 宮城村 1963年昇格
73%
27 黒川郡 大郷町
73%
33 加美郡 色麻村 1978年昇格
73%
59 登米郡 石越町 2005年消滅
73%
62 桃生郡 矢本町 2005年消滅
73%
36 志田郡 鹿島台町 2006年消滅
70%
66 桃生郡 桃生町 2005年消滅
70%
43 栗原郡 築館町 2005年消滅
68%
44 栗原郡 若柳町 2005年消滅
68%
50 栗原郡 金成町 2005年消滅
68%
61 桃生郡 河北町 2005年消滅
68%
30 加美郡 中新田町 2003年消滅
65%
35 志田郡 三本木町 2006年消滅
65%
37 玉造郡 岩出山町 2006年消滅
65%
48 栗原郡 一迫町 2005年消滅
65%
51 栗原郡 花山村 2005年消滅
65%
52 栗原郡 志波姫村 1965年昇格
65%
63 桃生郡 雄勝町 2005年消滅
65%
65 桃生郡 河南町 2005年消滅
65%
32 加美郡 宮崎町 2003年消滅
62%
56 登米郡 中田町 2005年消滅
62%
64 桃生郡 鳴瀬町 2005年消滅
62%
71 本吉郡 志津川町 2005年消滅
62%
75 本吉郡 歌津町 2005年消滅
62%
34 志田郡 松山町 2006年消滅
59%
42 遠田郡 南郷町 2006年消滅
59%
53 登米郡 迫町 2005年消滅
59%
60 登米郡 南方村 1964年昇格
59%
31 加美郡 小野田町 2003年消滅
57%
40 遠田郡 田尻町 2006年消滅
57%
47 栗原郡 瀬峰町 2005年消滅
57%
49 栗原郡 鶯沢町 2005年消滅
57%
55 登米郡 東和町 2005年消滅
57%
57 登米郡 豊里町 2005年消滅
57%
67 桃生郡 北上村 1962年昇格
57%
72 本吉郡 津山町 2005年消滅
57%
74 本吉郡 唐桑町 2006年消滅
57%
46 栗原郡 高清水町 2005年消滅
54%
58 登米郡 米山町 2005年消滅
54%
70 牡鹿郡 稲井町 1967年消滅
49%
No matching quizzes found
Score Distribution
Percent of People with Each Score
Percentile by Number Answered
Your Score History
You have not taken this quiz